000 00294nam a22001097a 4500
041 _aeng
080 _a81
090 _bАРА
100 _aАракин, В. Д.
245 _aСравнительная типология английского и русского языков
999 _c282246
_d282246
942 _cBK